00660nam a2200229Ia 4500003000900000008004100009040001300050040001300063041000800076100002000084245002500104250001200129260001500141260000900156300001100165300001200176490000800188490000800196942000700204999001700211952020200228IT-RoPAU120407s9999 xx 000 0 und d aIT-RoPAU cIT-RoPAU aita aLetty M. Russel aTeologia femminista. aBrescia aQueriniana c1997 a223 p. c19,5 cm aGDT v101 cBK c29330d29330 00102ddc406208_17101000000000071aPAULUSbPAULUSd2012-04-11l0o208.17101r2012-04-11 00:00:00w2012-04-11yBKzInserito da: Mario In data: 02 settembre 2011 fondo: Via A.Severo 56 Progr:34795